000 00472nam a2200193Ia 4500
005 20250508151853.0
008 008 250505s9999 xx 000 0 rus d
037 _aBooks to be hide in OPAC
040 _aFEDL
_beng
_cFEDL
041 _arus
_2eng
084 _qFEDL
100 _aMclnikov M E
_9760223
245 0 _aPrinciples darwinism for class 9th
260 _c1956
300 _a149p.
546 _aWeeded out
942 _cHB
999 _c1332614
_d1332614